Circuit & Networks Analysis & Synthesis (Record no. 349)
[ view plain ]
| 000 -LEADER | |
|---|---|
| fixed length control field | 00395nam a2200169Ia 4500 |
| 008 - FIXED-LENGTH DATA ELEMENTS--GENERAL INFORMATION | |
| fixed length control field | 221030s9999 xx 000 0 und d |
| 020 ## - INTERNATIONAL STANDARD BOOK NUMBER | |
| ISBN | 0074603949 |
| 041 ## - LANGUAGE CODE | |
| Language code of text/sound track or separate title | |
| 082 ## - DEWEY DECIMAL CLASSIFICATION NUMBER | |
| Classification number | 105.23 |
| Item number | Sud |
| 100 ## - MAIN ENTRY--AUTHOR NAME | |
| Personal name | A. Sudhakar |
| 245 #0 - TITLE STATEMENT | |
| Title | Circuit & Networks Analysis & Synthesis |
| 260 ## - PUBLICATION, DISTRIBUTION, ETC. (IMPRINT) | |
| Name of publisher | TMH |
| Place of publication | New Delhi |
| Year of publication | 2000 |
| 300 ## - PHYSICAL DESCRIPTION | |
| Number of Pages | 754 |
| 650 ## - SUBJECT ADDED ENTRY--TOPICAL TERM | |
| Topical Term | EE |
| 700 ## - ADDED ENTRY--PERSONAL NAME | |
| Personal name | S. P. Shyammohan |
| 942 ## - ADDED ENTRY ELEMENTS (KOHA) | |
| Koha item type | Books |
| Accession Number | Cost, normal purchase price | Full call number | Price effective from | Koha item type | Withdrawn / writtenoff status | Materials specified (bound volume or other part) | Damaged status | Not for loan | Permanent Location | Current Location | Shelving location | Date acquired | Lost/ Missing status | department |
|---|---|---|---|---|---|---|---|---|---|---|---|---|---|---|
| BE 2459 | 175.00 | 105.23 Sud | 10/30/2022 | Books | MIET Library, Jammu | MIET Library, Jammu | BL-Academic Block A, FL-1, CUP-33, SH-3, R-3 | 01/25/2001 | BE | |||||
| BE 2504 | 175.00 | 105.23 Sud | 10/30/2022 | Books | MIET Library, Jammu | MIET Library, Jammu | BL-Academic Block A, FL-1, CUP-33, SH-3, R-3 | 02/03/2001 | BE | |||||
| BE 2505 | 175.00 | 105.23 Sud | 10/30/2022 | Books | MIET Library, Jammu | MIET Library, Jammu | BL-Academic Block A, FL-1, CUP-33, SH-3, R-3 | 02/03/2001 | BE | |||||
| BE 2506 | 175.00 | 105.23 Sud | 10/30/2022 | Books | MIET Library, Jammu | MIET Library, Jammu | BL-Academic Block A, FL-1, CUP-33, SH-3, R-3 | 02/03/2001 | BE | |||||
| BE 2507 | 175.00 | 105.23 Sud | 10/30/2022 | Books | MIET Library, Jammu | MIET Library, Jammu | BL-Academic Block A, FL-1, CUP-33, SH-3, R-3 | 02/03/2001 | BE | |||||
| BE 2508 | 175.00 | 105.23 sUD | 10/30/2022 | Books | MIET Library, Jammu | MIET Library, Jammu | BL-First, FL-1, CUP-33, SH-3, R-3 | 02/03/2001 | BE | |||||
| BE 2509 | 175.00 | 105.23 sUD | 10/30/2022 | Books | MIET Library, Jammu | MIET Library, Jammu | BL-Academic Block A, FL-1, CUP-33, SH-3, R-3 | 02/03/2001 | BE | |||||
| BE 2531 | 175.00 | 105.23 Sud | 10/30/2022 | Books | MIET Library, Jammu | MIET Library, Jammu | BL-Frist, FL-1, CUP-33, SH-3, R-3 | 02/09/2001 | BE | |||||
| BE 2532 | 175.00 | 105.23 Sud | 10/30/2022 | Books | MIET Library, Jammu | MIET Library, Jammu | BL-Academic Block A, FL-1, CUP-33, SH-3, R-3 | 02/09/2001 | BE | |||||
| BE 2458 | 175.00 | 105.23 Sud | 10/30/2022 | Books | MIET Library, Jammu | MIET Library, Jammu | BL-Academic Block B, FL-1, CUP-33, SH-3, R-3 | 01/25/2001 | BE |